Chile y su historia

সংরক্ষণ করুন:
গ্রন্থ-পঞ্জীর বিবরন
প্রধান লেখক: Villalobos Rivera, Sergio (Author)
বিন্যাস: গ্রন্থ
ভাষা:স্প্যানিশ
প্রকাশিত: Santiago Universitaria 1998
সংস্করন:6a. ed
মালা:Colección Imagen de Chile
বিষয়গুলি:
ট্যাগগুলো: ট্যাগ যুক্ত করুন
কোনো ট্যাগ নেই, প্রথমজন হিসাবে ট্যাগ করুন!

MARC

LEADER 00000nam a2200000 a 4500
001 UCH8318
003 CL-VaPUC
008 091127e19980000CL |||||||||||||||||spa|d
020 |a 9561108169 
082 0 4 |a 983  |b VIL  |2 21 
100 0 |a Villalobos Rivera, Sergio  |e author  |9 544854 
245 1 0 |a Chile y su historia 
250 |a 6a. ed 
300 |a 391 p 
942 |c BK 
945 |d 20091127 00:00:00  |a lazolas 
260 |a Santiago  |b Universitaria  |c 1998 
650 0 |a Historia  |9 255047 
650 7 |a DESCUBRIMIENTO  |2 CL-VaPUC  |9 321428 
650 0 |a Conquista  |9 339504 
650 7 |a COLONIA  |2 CL-VaPUC  |9 544855 
650 0 |a República  |9 310048 
651 7 |a CHILE  |2 CL-VaPUC  |9 544856 
583 |a last modification  |c 20091127 00:00:00  |k Rodrigo Vera 
490 0 |a Colección Imagen de Chile 
999 |c 338545  |d 338543